000 00733nam a2200313Ia 4500
008 210210b2010 xxu||||| |||| 00| 0 eng d
020 _a9788181281616
041 _aeng
082 _a530.41 IBAS
100 _aIBACH (Harald)
245 _aSolid state physics: an introduction to principles of materials science Ed 3
260 _aNew York
_bSpringer
_c2010
300 _axii, 501
650 _ato
650 _astate
650 _aSolid
650 _ascience
650 _aprinciples
650 _aphysics:
650 _aof
650 _amaterials
650 _aintroduction
650 _aEd
650 _aan
650 _a3
690 _aSolid State Physics
700 _aLUTH (Hans)
906 _a067139
999 _c149479
_d149479